Money and the price level under the gold standard (Registro nro. 26553)
[ vista simple ]
| 000 -LEADER | |
|---|---|
| fixed length control field | 00337 a2200109 4500 |
| 001 - CONTROL NUMBER | |
| control field | ART_12660 |
| 005 - DATE AND TIME OF LATEST TRANSACTION | |
| control field | 20260410161908.0 |
| 008 - FIXED-LENGTH DATA ELEMENTS--GENERAL INFORMATION | |
| fixed length control field | 260409a |
| 100 1# - MAIN ENTRY--PERSONAL NAME | |
| Personal name | Barro, Robert J. |
| 245 10 - TITLE STATEMENT | |
| Title | Money and the price level under the gold standard |
| 773 0# - HOST ITEM ENTRY | |
| Title | The Economic Journal |
| Related parts | - Vol. 89, Nº 353 (mar. 1979) |
| Record control number | REV12512 |
No hay ítems disponibles.